00729nam a2200193 a 450000100100000000500170001000800410002704000250006808200150009310000250010824000330013324500800016626000420024630000280028853400430031670000400035995201190039999900170051800003688820200930080011.0120203s1965 sp a 000 0 spa d aDO-SdBNPbspacBNPHU axxxbC867h1 aCousins, Mary96326610aMore about Jesus.lEspañol10aHablame de Jesús /cMary Cousins ; traducción de María Dolores Raich. aBarcelona :bEditorial Molino,c1965. a138 p. :bil. ;c21 cm. aTítulo original :tMore about Jesus.1 aRaich, María Dolores,etr.963267 001054708MOaGRbGRcCTd2012-02-03iLF1l0oxxx C867hp36888-10r2020-06-25w2020-06-25y4ZPréstamo en sala c36379d36379